| 000 | 00675aam a2200253 4500 | ||
|---|---|---|---|
| 005 | 20250919181600.0 | ||
| 008 | 150310b2007 xxu||||| |||| 00| 0 spa d | ||
| 020 | _a9788473602594 | ||
| 041 | _aESP | ||
| 082 | _a617.026 S194a | ||
| 100 |
_aSam Jaime García, Agustín _917531 |
||
| 245 | _aActuaciones básicas en emergencia, evacuación y autoprotección | ||
| 260 | _aMéxico | ||
| 260 | _bEditorial Tébar | ||
| 260 | _c2008 | ||
| 300 | _a226 páginas | ||
| 490 | _aTemática General | ||
| 650 | _aPRIMEROS AUXILIOS | ||
| 650 | _aEMERGENCIAS | ||
| 650 | _aEVACUACIÓN | ||
| 650 | _aSIMULACROS | ||
| 650 | _aACCIDENTES AUTOMOVILÍSTICOS | ||
| 942 |
_cBK _2ddc |
||
| 999 |
_c3845 _d3845 |
||